| 000 | 00667nam a2200217 i 4500 | ||
|---|---|---|---|
| 001 | 31880 | ||
| 003 | ES-MaACL | ||
| 005 | 20230906154450.0 | ||
| 007 | t| | ||
| 008 | 030130s1943 sp ||||1| spa d | ||
| 100 | 1 |
_aBeerbohm, Max. _927023 |
|
| 245 | 1 | 0 |
_aZuleika Dobson / _cpor Max Beerbohm ; [traducción del inglés por Agustín Esclasáns]. |
| 250 | _a[1ª ed.]. | ||
| 260 |
_a[S.l. : _bs.n., _c1943] ( _eBarcelona : _fImp. Moderna) |
||
| 300 |
_a267 p. ; _c19 cm. |
||
| 490 | 1 | _aAl monigote de papel | |
| 700 | 1 |
_aEsclasans, Agustín. _947545 |
|
| 830 | 0 |
_aAl monigote de papel _9181405 |
|
| 852 |
_aES-MaACL _jB-10207 _bR.21653 |
||
| 999 |
_c31880 _d31880 |
||